| 000 | 01091nam a22002657a 4500 | ||
|---|---|---|---|
| 003 | OSt | ||
| 005 | 20210819092438.0 | ||
| 008 | 210318b ||||| |||| 00| 0 spa d | ||
| 020 | _a9789945923889 | ||
| 040 |
_aDO-SdBNP _bspa _cBNPHU |
||
| 082 | 4 |
_a629.2295 _bP699 _222 |
|
| 110 | 2 |
_aInstituto Nacional de Tránsito y Transporte Terrestre (República Dominicana) _978174 |
|
| 245 | 1 | 0 |
_aPlan estratégico nacional de movilidad eléctrica República Dominicana / _cFernando Anaya, edición Patricia Linares. |
| 260 |
_aSanto Domingo : _bIntrant, _c2020. |
||
| 300 |
_a167 p. : _bil. , gráfcs., tablas ; _c28 cm |
||
| 500 | _aIncluye referencias bibliográficas y notas al pie de las páginas | ||
| 590 | _aInventariado, 2021 / DG | ||
| 650 | 4 |
_aElectricidad en el transporte _979452 |
|
| 650 | 4 |
_aAutomóviles _xEquipo eléctrico _979453 |
|
| 650 | 4 |
_aPolítica de transporte urbano _979454 |
|
| 650 | 4 |
_aTransporte _zRepública Dominicana _979455 |
|
| 700 | 1 |
_aLinares, Patricia, _eed. _979456 |
|
| 910 | _aInventariado, 2021 / DG /Validado. Control de calidad MFF | ||
| 942 |
_2ddc _cLBS1 |
||
| 999 |
_c49621 _d49621 |
||